000 00762nam a22002531 4500
001 34396
003 BD-RjUL
005 20211209052143.0
008 140517s1966 njuab 001 0 eng d
035 _a(BD-RjUL)34490
040 _aDLC
_cDLC
_dDLC
_dBD-RjUL
_beng
041 _aeng
082 0 0 _a301.364
_bBRU 1966
100 1 _aBreese, Gerald William.
_9104615
245 1 0 _aUrbanization in newly developing countries /
_c Gerald Breese.
260 _aEnglewood Cliffs, N.J. :
_bPrentice-Hall ,
_c1966.
300 _aviii, 151 p. :
_bill. ;
_c23 cm.
504 _aIncludes Index
650 0 _aUrbanization.
_9104617
942 _2ddc
_cBK
999 _c34396
_d34396